000 00751nam a2200253Ia 4500
003 OSt
005 20220923222753.0
006 a|||||r|||| 00| 0
007 ta
008 220922b |||||||| |||| 00| 0 hin d
024 _a207,664
037 _cTextual
040 _aARTS
_cARTS
_bhin
041 _2hin
_ahin
082 _aO152,3NMUx, L8
100 _aमुद्गल, अवधनारायण
245 0 _aकबंध
246 _aKabandha
260 _aदिल्ली
_b पंकज प्रका0
_c1978
300 _a136पृ.
_ccm.
650 _aहिन्दी कहानी
942 _hO152,3NMUx, L8
_cTEXL
_2CC
999 _c358281
_d358281